| 000 | 00570nam a22001817a 4500 | ||
|---|---|---|---|
| 999 |
_c18681 _d18681 |
||
| 008 | 240115b ||||| |||| 00| 0 eng d | ||
| 020 | _a0073031208 | ||
| 082 |
_22002 _aDC 570 _bR19b |
||
| 100 |
_aRaven, Peter H. _950701 |
||
| 245 |
_aBiology / _cPeter H. Raven and George B. Johnson. |
||
| 250 | _aSixth edition. | ||
| 260 |
_a2002 _bDC 570 _cR19b |
||
| 300 |
_axxix, 1238 pages : _bcolor illustrations ; _c27 cm. |
||
| 500 | _aIncludes appendix, glossary and index. | ||
| 650 |
_aBiology. _950702 |
||
| 700 |
_aJohnson, George B. _eauthor. _950703 |
||
| 942 |
_2ddc _cDC |
||